[Event "España ch sub-18 2007"]
[Site "Granada ESP"]
[Date "2007.07.31"]
[Round "4.14"]
[White "Robles Garcia, Claudia"]
[Black "Mejuto De Ulloa, Jorge"]
[Result "1/2-1/2"]
[WhiteElo "2167"]
[BlackElo "2062"]
[PlyCount "103"]
[EventDate "2007.07.29"]
[EventType "swiss"]
[EventRounds "9"]
[EventCountry "ESP"]
[Source "lmi"]
[SourceDate "2007.07.29"]

1. e4 e6 2. d4 d5 3. Nc3 Nf6 4. e5 Nfd7 5. Nf3 c5 6. dxc5 Nc6 7. Bf4 a6 8. Bd3
Nxc5 9. O-O Be7 10. Ne2 O-O 11. c3 Nxd3 12. Qxd3 Bd7 13. Bg3 Na5 14. Nfd4 f6
15. f4 Qb6 16. b3 Rac8 17. Kh1 Nc6 18. Nf5 fxe5 19. fxe5 Qc7 20. Nxe7+ Nxe7 21.
c4 Nf5 22. Bf4 dxc4 23. bxc4 Rfd8 24. Bg5 Rf8 25. Rab1 Bc6 26. Nd4 Nxd4 27.
Qxd4 h6 28. Be3 b5 29. Qg4 Qxe5 30. Bd4 Qg5 31. Rxf8+ Kxf8 32. Rf1+ Kg8 33.
Qxe6+ Kh7 34. Rg1 Bb7 35. c5 Rf8 36. c6 Bc8 37. Qe4+ Bf5 38. Qe5 Qg6 39. c7 Be4
40. h3 Re8 41. Qf4 Bb7 42. Qg4 Qxg4 43. hxg4 Re4 44. Bb6 Rxg4 45. Rc1 Rc4 46.
Rxc4 bxc4 47. Kg1 Kg6 48. Bd4 Kf7 49. Kf2 g5 50. Ke3 Ke6 51. Bg7 Kd7 52. Bxh6
1/2-1/2

[Event "España ch sub-18 2007"]
[Site "Granada ESP"]
[Date "2007.07.31"]
[Round "4.15"]
[White "Blanco Villalba, Jose Francisco"]
[Black "Serrano Bozada, Esteban"]
[Result "0-1"]
[WhiteElo "2024"]
[BlackElo "2160"]
[PlyCount "68"]
[EventDate "2007.07.29"]
[EventType "swiss"]
[EventRounds "9"]
[EventCountry "ESP"]
[Source "lmi"]
[SourceDate "2007.07.29"]

1. Nf3 g6 2. c4 Bg7 3. g3 e5 4. Nc3 d6 5. Bg2 f5 6. d3 Nf6 7. O-O O-O 8. Rb1 a5
9. a3 h6 10. b4 axb4 11. axb4 g5 12. Nd2 Kh8 13. e3 f4 14. Nde4 Bg4 15. f3 Nxe4
16. Nxe4 Be6 17. exf4 gxf4 18. gxf4 Nc6 19. Qe1 Nd4 20. Kh1 exf4 21. Qf2 b5 22.
Bb2 Ra2 23. Ra1 Rxb2 24. Qxb2 Nxf3 25. Qc1 Nd4 26. Ra2 f3 27. Bxf3 Rxf3 28.
Rxf3 Nxf3 29. Qf1 Ne5 30. Rc2 bxc4 31. dxc4 Qa8 32. Qg2 Bxc4 33. Rc1 Bd5 34.
Re1 Nd3 0-1

[Event "España ch sub-18 2007"]
[Site "Granada ESP"]
[Date "2007.07.31"]
[Round "4.16"]
[White "Martin Alvarez, Iñigo"]
[Black "Fernandez Garcia, Jose Miguel"]
[Result "0-1"]
[WhiteElo "2154"]
[BlackElo "2036"]
[PlyCount "82"]
[EventDate "2007.07.29"]
[EventType "swiss"]
[EventRounds "9"]
[EventCountry "ESP"]
[Source "lmi"]
[SourceDate "2007.07.29"]

1. e4 c5 2. Nf3 e6 3. d4 cxd4 4. Nxd4 Nf6 5. Nc3 Qb6 6. Nb3 Bb4 7. Bd3 Bxc3+ 8.
bxc3 d6 9. O-O e5 10. Qe1 O-O 11. Kh1 Qc6 12. f4 Nbd7 13. c4 b6 14. Bb2 Bb7 15.
Nd2 Rfe8 16. fxe5 dxe5 17. Qg3 Nh5 18. Qg5 Qg6 19. Qxg6 hxg6 20. Nf3 f6 21.
Rad1 Nc5 22. Rfe1 Rad8 23. Rd2 f5 24. Bf1 Rxd2 25. Nxd2 Bxe4 26. Nxe4 Nxe4 27.
Kg1 Kf7 28. Bd3 Nhf6 29. a4 Ke6 30. a5 bxa5 31. Ra1 Rb8 32. Ba3 Rc8 33. c5 Nxc5
34. Bc4+ Kd7 35. Rd1+ Kc6 36. Bf7 g5 37. Bg6 f4 38. Re1 e4 39. Bf5 Rd8 40. Re2
Rd1+ 41. Kf2 e3+ 0-1

[Event "España ch sub-18 2007"]
[Site "Granada ESP"]
[Date "2007.07.31"]
[Round "4.17"]
[White "Garcia Blanco, Omar"]
[Black "Aguado Solana, Juan"]
[Result "0-1"]
[WhiteElo "2148"]
[BlackElo "1995"]
[PlyCount "98"]
[EventDate "2007.07.29"]
[EventType "swiss"]
[EventRounds "9"]
[EventCountry "ESP"]
[Source "lmi"]
[SourceDate "2007.07.29"]

1. e4 c5 2. c3 g6 3. d4 cxd4 4. cxd4 Bg7 5. Nf3 d5 6. exd5 Qxd5 7. Nc3 Qa5 8.
Bc4 Nf6 9. O-O O-O 10. h3 Nc6 11. Qe2 e6 12. Rd1 Rd8 13. a3 a6 14. Bd2 Nxd4 15.
Nxd4 Rxd4 16. Nd5 Qd8 17. Nxf6+ Bxf6 18. Bh6 b5 19. Rxd4 Qxd4 20. Rd1 Qh4 21.
Qf3 Rb8 22. Bf4 Bb7 23. Qe3 Rd8 24. Rxd8+ Bxd8 25. Bxe6 Qe7 26. Ba2 Qxe3 27.
Bxe3 Bf6 28. b3 Bd5 29. Bc5 a5 30. Bb1 Bxb3 31. Bd3 Bc4 32. Bxc4 bxc4 33. Kf1
Bc3 34. Ke2 f5 35. Ke3 Bb2 36. Kd2 c3+ 37. Kc2 a4 38. Be3 Bxa3 39. Kxc3 Kf7 40.
Kc4 Bd6 41. Bc1 Ke6 42. f4 a3 43. g3 Be7 44. Kb3 h5 45. Bd2 Kd5 46. h4 Ke4 47.
Bc3 Kf3 48. Be1 Bc5 49. Ka2 Bf2 0-1

[Event "España ch sub-18 2007"]
[Site "Granada ESP"]
[Date "2007.07.31"]
[Round "4.18"]
[White "Lopez Quevedo, Angel Carlos"]
[Black "Sanchez-Alarcos Galian, Victor"]
[Result "1/2-1/2"]
[WhiteElo "2148"]
[BlackElo "1958"]
[PlyCount "139"]
[EventDate "2007.07.29"]
[EventType "swiss"]
[EventRounds "9"]
[EventCountry "ESP"]
[Source "lmi"]
[SourceDate "2007.07.29"]

1. d4 Nf6 2. Nf3 c5 3. d5 d6 4. c4 e5 5. Nc3 g6 6. e4 Bg7 7. Be2 O-O 8. O-O Na6
9. a3 Ne8 10. Rb1 f5 11. exf5 gxf5 12. Qc2 Bd7 13. b4 b6 14. Na4 Kh8 15. bxc5
bxc5 16. Nc3 Nac7 17. Bd2 Kg8 18. Qc1 Bf6 19. Bd1 f4 20. Ne1 Ng7 21. Ba4 Bf5
22. Bc2 Bc8 23. Ne4 Qe7 24. Bc3 Nce8 25. Ba4 Bf5 26. f3 Bh4 27. Bc6 Rc8 28. Rb7
Rc7 29. Rxc7 Nxc7 30. Nd3 Nce8 31. Bxe8 Rxe8 32. Be1 Bxe1 33. Rxe1 Nh5 34. Re2
Kf7 35. Qc3 Bxe4 36. Rxe4 Rb8 37. Re2 Rb1+ 38. Re1 Qb7 39. Qc2 Rb3 40. Ra1 a5
41. a4 Nf6 42. h3 Ng8 43. Ra2 Ne7 44. Rb2 Rxb2 45. Qxb2 Qxb2 46. Nxb2 Kf6 47.
Kf2 Nc8 48. Ke2 Nb6 49. Kd3 Kf5 50. h4 Kf6 51. Ke2 Kg6 52. Kf2 h6 53. g4 fxg3+
54. Kxg3 Kf5 55. Nd1 Nxc4 56. Nc3 Nb6 57. Ne4 Nc8 58. Nd2 Nb6 59. Ne4 Nxd5 60.
Nxd6+ Ke6 61. Nc4 Nc3 62. Nxa5 Nxa4 63. Nc4 Kd5 64. Ne3+ Kd4 65. Nf5+ Kd3 66.
Nxh6 c4 67. Ng4 c3 68. Nxe5+ Kd4 69. Nc6+ Kc5 70. Na5 1/2-1/2

[Event "España ch sub-18 2007"]
[Site "Granada ESP"]
[Date "2007.07.31"]
[Round "4.19"]
[White "Maura Mundo, Alejandro"]
[Black "Riera Morilla, Elizabeth"]
[Result "1-0"]
[WhiteElo "2133"]
[BlackElo "1952"]
[PlyCount "71"]
[EventDate "2007.07.29"]
[EventType "swiss"]
[EventRounds "9"]
[EventCountry "ESP"]
[Source "lmi"]
[SourceDate "2007.07.29"]

1. e4 c5 2. Nf3 Nc6 3. d4 cxd4 4. Nxd4 g6 5. Nc3 Bg7 6. Be3 Nf6 7. Bc4 O-O 8.
Bb3 a5 9. O-O a4 10. Nxa4 Nxe4 11. Nb5 d5 12. Bb6 Qd7 13. c3 Ne5 14. Nc7 Rxa4
15. Bxa4 Qd6 16. Ba5 Ng4 17. g3 Nexf2 18. Qxd5 Qf6 19. Qg2 Qg5 20. Bb6 Nd3 21.
Rad1 Nde5 22. Nd5 Be6 23. Bb3 Nc6 24. Qd2 Qe5 25. Rfe1 Qb8 26. Qg5 Bh6 27.
Nxe7+ Kg7 28. Nxc6 Bxg5 29. Nxb8 Bxb3 30. axb3 Rxb8 31. h3 Nh6 32. h4 Bf6 33.
Bd4 Nf5 34. Bxf6+ Kxf6 35. Kf2 Ra8 36. Rd7 1-0

[Event "España ch sub-18 2007"]
[Site "Granada ESP"]
[Date "2007.07.31"]
[Round "4.20"]
[White "De Nacimiento Montaño, Angel"]
[Black "Castellano Egea, Einar"]
[Result "1/2-1/2"]
[WhiteElo "1999"]
[BlackElo "2119"]
[PlyCount "65"]
[EventDate "2007.07.29"]
[EventType "swiss"]
[EventRounds "9"]
[EventCountry "ESP"]
[Source "lmi"]
[SourceDate "2007.07.29"]

1. e4 e6 2. d4 d5 3. exd5 exd5 4. c4 c6 5. Nf3 Bd6 6. Nc3 Ne7 7. c5 Bc7 8. Bg5
f6 9. Be3 O-O 10. Bd3 Bf5 11. O-O Qd7 12. b4 Bxd3 13. Qxd3 Qf5 14. Qd2 Ng6 15.
Ne2 Re8 16. a4 Nd7 17. b5 h5 18. Rab1 Ndf8 19. bxc6 bxc6 20. Rb7 Ne6 21. Ng3
Bxg3 22. hxg3 Nd8 23. Rb3 Rc8 24. Qa5 Re7 25. Rfb1 Kh7 26. Rb8 Rec7 27. Nh4
Nxh4 28. Bf4 Rf7 29. gxh4 Rxb8 30. Rxb8 Qxf4 31. Qxd8 Qc1+ 32. Kh2 Qf4+ 33. Kg1
1/2-1/2

[Event "España ch sub-18 2007"]
[Site "Granada ESP"]
[Date "2007.07.31"]
[Round "4.22"]
[White "Lluis Alabedra, Alvar"]
[Black "Aranaz Murillo, Amalia"]
[Result "0-1"]
[WhiteElo "2096"]
[BlackElo "1706"]
[PlyCount "81"]
[EventDate "2007.07.29"]
[EventType "swiss"]
[EventRounds "9"]
[EventCountry "ESP"]
[Source "lmi"]
[SourceDate "2007.07.29"]

1. e4 c6 2. d4 d5 3. Nc3 dxe4 4. Nxe4 Bf5 5. Ng3 Bg6 6. h4 h6 7. Nf3 e6 8. Ne5
Bh7 9. Bd3 Bxd3 10. Qxd3 Nd7 11. f4 Ngf6 12. Bd2 c5 13. O-O-O Be7 14. dxc5 Nxe5
15. fxe5 Qxd3 16. cxd3 Ng4 17. Ne4 Rc8 18. d4 f5 19. exf6 gxf6 20. Rdf1 f5 21.
Nf2 Nf6 22. Bf4 Nd5 23. Be5 Rg8 24. g3 b6 25. Kb1 bxc5 26. dxc5 Kd7 27. Rc1
Bxc5 28. Nd3 Be3 29. Rxc8 Rxc8 30. Rd1 Ke7 31. Nf4 Nxf4 32. gxf4 Rg8 33. Re1
Bb6 34. Re2 Rg4 35. h5 Bc5 36. Rd2 Be3 37. Re2 Bxf4 38. Kc2 Bg5 39. Kb3 Bf6 40.
Bb8 a5 41. a4 0-1

[Event "España ch sub-18 2007"]
[Site "Granada ESP"]
[Date "2007.07.31"]
[Round "4.23"]
[White "Porras Dalmau, Daniel"]
[Black "Jordan Martinez, David"]
[Result "0-1"]
[WhiteElo "1958"]
[BlackElo "2104"]
[PlyCount "120"]
[EventDate "2007.07.29"]
[EventType "swiss"]
[EventRounds "9"]
[EventCountry "ESP"]
[Source "lmi"]
[SourceDate "2007.07.29"]

1. d4 d5 2. c4 dxc4 3. e3 e5 4. Bxc4 exd4 5. exd4 Bd6 6. Nf3 Nf6 7. O-O O-O 8.
Bg5 Bg4 9. h3 Bh5 10. g4 Bg6 11. Ne5 Nbd7 12. f4 Bxb1 13. Rxb1 Nb6 14. Bb3 Be7
15. Qd3 Nbd5 16. Bxf6 Bxf6 17. Qe4 c6 18. g5 Bxe5 19. dxe5 Qe7 20. Bxd5 Qc5+
21. Kh2 cxd5 22. Qd3 Rac8 23. Kg3 Rfd8 24. Rbd1 g6 25. Rf2 Qa5 26. Qb3 Rc7 27.
Rfd2 Rcd7 28. Rd4 Qc5 29. R1d3 Qc1 30. Rd1 Qc5 31. Qd3 Kg7 32. h4 a6 33. h5 Qb6
34. hxg6 hxg6 35. Qe2 Rh8 36. Qg2 Qe6 37. Rh1 Rxh1 38. Qxh1 Qb6 39. Qd1 Qxb2
40. Rxd5 Rc7 41. Rd2 Rc3+ 42. Kg2 Qb4 43. Rf2 Qe4+ 44. Kg1 Qe3 45. Qe2 Qg3+ 46.
Kh1 Qh3+ 47. Kg1 Qg3+ 48. Kh1 Rc1+ 49. Rf1 Qxf4 50. Rxc1 Qxc1+ 51. Kh2 Qxg5 52.
Qb2 Qh4+ 53. Kg2 Qe4+ 54. Kh2 Kh7 55. Kg3 g5 56. Qc3 Qf4+ 57. Kg2 g4 58. Qd3+
Kg7 59. Qd6 Qf3+ 60. Kg1 g3 0-1

[Event "España ch sub-18 2007"]
[Site "Granada ESP"]
[Date "2007.07.31"]
[Round "4.24"]
[White "Herrera Delgado, Alejandro"]
[Black "Martinez Salas, Imanol"]
[Result "1/2-1/2"]
[WhiteElo "2150"]
[BlackElo "1981"]
[PlyCount "102"]
[EventDate "2007.07.29"]
[EventType "swiss"]
[EventRounds "9"]
[EventCountry "ESP"]
[Source "lmi"]
[SourceDate "2007.07.29"]

1. e4 e6 2. d4 d5 3. Nc3 dxe4 4. Nxe4 Nd7 5. Nf3 Ngf6 6. Bd3 c5 7. Nxf6+ Nxf6
8. dxc5 Qa5+ 9. c3 Qxc5 10. Bg5 Be7 11. Qe2 Bd7 12. Ne5 Bc6 13. Nxc6 bxc6 14.
Be3 Qe5 15. O-O Nd5 16. Bd4 Qxe2 17. Bxe2 O-O 18. Rfd1 f6 19. c4 Nb6 20. b3
Rfd8 21. Bf3 c5 22. Bc3 Rxd1+ 23. Rxd1 Rd8 24. Rxd8+ Bxd8 25. a4 Bc7 26. Bd2
Nd7 27. Be3 Kf7 28. Kf1 Bd6 29. h3 Ne5 30. Bb7 Ke7 31. Ke2 Kd7 32. Be4 g6 33.
Kd2 Nc6 34. g4 f5 35. gxf5 exf5 36. Bxc6+ Kxc6 37. Ke2 Be7 38. Bh6 Kd6 39. Bf4+
Ke6 40. Kd3 Bd6 41. Bh6 Kf6 42. h4 Ke6 43. f3 Be7 44. Be3 Kd6 45. Bf2 Bf6 46.
f4 Kc6 47. Kc2 Be7 48. Kb2 Bd6 49. Be3 Be7 50. Bf2 Bd6 51. Be3 Be7 1/2-1/2

[Event "España ch sub-18 2007"]
[Site "Granada ESP"]
[Date "2007.07.31"]
[Round "4.25"]
[White "Rodriguez Perez, Angel Mariano"]
[Black "Ladron De Guevara Pinto, Fermin"]
[Result "1/2-1/2"]
[WhiteElo "1929"]
[BlackElo "2070"]
[PlyCount "49"]
[EventDate "2007.07.29"]
[EventType "swiss"]
[EventRounds "9"]
[EventCountry "ESP"]
[Source "lmi"]
[SourceDate "2007.07.29"]

1. e4 c5 2. Nf3 e6 3. d4 cxd4 4. Nxd4 Nf6 5. Nc3 d6 6. g3 a6 7. Bg2 Be7 8. O-O
Qc7 9. Be3 Nc6 10. f4 Bd7 11. a4 Rc8 12. Kh1 h5 13. h3 b6 14. Qe2 Nxd4 15. Bxd4
e5 16. fxe5 dxe5 17. Be3 Be6 18. Qf2 Bd8 19. Rfd1 O-O 20. Rd2 Rb8 21. Rad1 Qc8
22. Kh2 Bg4 23. Bf3 Be6 24. Bg2 Bg4 25. Bf3 1/2-1/2

[Event "España ch sub-18 2007"]
[Site "Granada ESP"]
[Date "2007.07.31"]
[Round "4.26"]
[White "Fidalgo Fernandez, Lucia"]
[Black "Gallardo De La Torre, Yasmina"]
[Result "1-0"]
[WhiteElo "2068"]
[BlackElo "1975"]
[PlyCount "105"]
[EventDate "2007.07.29"]
[EventType "swiss"]
[EventRounds "9"]
[EventCountry "ESP"]
[Source "lmi"]
[SourceDate "2007.07.29"]

1. d4 d5 2. c4 e6 3. Nc3 Nf6 4. cxd5 exd5 5. Bg5 Be7 6. e3 O-O 7. Qc2 c6 8. Bd3
Nbd7 9. Nf3 Re8 10. O-O h6 11. Bf4 Bb4 12. a3 Bxc3 13. Qxc3 Ne4 14. Qc2 Ndf6
15. b4 Bd7 16. a4 Nh5 17. Be5 Nhf6 18. h3 Qe7 19. Qb2 b6 20. Rfc1 Nh7 21. Bh2
f6 22. Ba6 Bc8 23. Bf1 Bb7 24. a5 Nhg5 25. Nxg5 fxg5 26. a6 Bc8 27. Rxc6 g4 28.
hxg4 Bxg4 29. Rc7 Bd7 30. Bb5 Nf6 31. Bxd7 Nxd7 32. Qc2 Qe6 33. b5 Nf6 34. Be5
Rec8 35. Rc1 Rxc7 36. Qxc7 Qf5 37. Bxf6 Qxf6 38. Qb7 Rf8 39. Qxd5+ Kh8 40. Rc2
Qg6 41. Qc6 Qh5 42. Rc1 Qe2 43. Rf1 Qh5 44. d5 Rd8 45. d6 Qe5 46. Rd1 Qh5 47.
Rd2 Qf5 48. d7 h5 49. e4 Qg5 50. Qd5 Qg4 51. e5 h4 52. e6 Qb4 53. Qd6 1-0

[Event "España ch sub-18 2007"]
[Site "Granada ESP"]
[Date "2007.07.31"]
[Round "4.27"]
[White "Velandrino Gomez, Maria Cielo"]
[Black "Martinez Rodriguez, Pablo"]
[Result "1-0"]
[WhiteElo "2028"]
[BlackElo "1942"]
[PlyCount "43"]
[EventDate "2007.07.29"]
[EventType "swiss"]
[EventRounds "9"]
[EventCountry "ESP"]
[Source "lmi"]
[SourceDate "2007.07.29"]

1. d4 c5 2. d5 Nf6 3. Nc3 g6 4. e4 d6 5. Bb5+ Nbd7 6. a4 Bg7 7. f4 O-O 8. Nf3
a6 9. Bd3 b6 10. O-O Bb7 11. Re1 Qc7 12. Bc4 Nh5 13. Qd3 Rae8 14. Bd2 e6 15.
dxe6 fxe6 16. Ng5 Rf6 17. g4 d5 18. exd5 Nxf4 19. Qg3 h6 20. dxe6 hxg5 21.
exd7+ Rfe6 22. dxe8=Q+ 1-0

[Event "España ch sub-18 2007"]
[Site "Granada ESP"]
[Date "2007.07.31"]
[Round "4.28"]
[White "Ramon Losada, David"]
[Black "Romero Lopez, Marta"]
[Result "0-1"]
[WhiteElo "1869"]
[BlackElo "2004"]
[PlyCount "76"]
[EventDate "2007.07.29"]
[EventType "swiss"]
[EventRounds "9"]
[EventCountry "ESP"]
[Source "lmi"]
[SourceDate "2007.07.29"]

1. e4 e6 2. d4 d5 3. Nc3 Nf6 4. e5 Nfd7 5. f4 c5 6. Nf3 a6 7. Be3 Nc6 8. Qd2
cxd4 9. Nxd4 Bc5 10. O-O-O O-O 11. h4 Nxd4 12. Bxd4 b5 13. Rh3 Qc7 14. h5 Nb6
15. h6 g6 16. Bxc5 Qxc5 17. f5 exf5 18. Qg5 Qc6 19. Rhd3 Bb7 20. Nxd5 Nxd5 21.
Rxd5 Rac8 22. R5d2 Qe6 23. Rd8 Qxa2 24. Rxf8+ Rxf8 25. Rd6 Qa1+ 26. Kd2 Qxf1
27. g3 Qf2+ 28. Kc1 Qe1+ 29. Rd1 Qxe5 30. Rd8 f6 31. Qd2 Rxd8 32. Qxd8+ Kf7 33.
b3 Qe7 34. Qb6 g5 35. Qf2 Kg6 36. Qb6 b4 37. Qa7 Qc7 38. Qf2 Be4 0-1

[Event "España ch sub-18 2007"]
[Site "Granada ESP"]
[Date "2007.07.31"]
[Round "4.29"]
[White "Jimenez Garcia, Alberto"]
[Black "Heras Ruiz, Juan Fernando"]
[Result "1/2-1/2"]
[WhiteElo "1989"]
[BlackElo "1882"]
[PlyCount "100"]
[EventDate "2007.07.29"]
[EventType "swiss"]
[EventRounds "9"]
[EventCountry "ESP"]
[Source "lmi"]
[SourceDate "2007.07.29"]

1. e4 c5 2. Nf3 e6 3. d3 Qc7 4. g3 Nc6 5. Bg2 Nf6 6. Bf4 d6 7. O-O Be7 8. Re1
e5 9. Bg5 Be6 10. Nc3 O-O 11. Nb5 Qd7 12. c3 Ne8 13. Bxe7 Nxe7 14. c4 Nc6 15.
Nh4 Nc7 16. Nxc7 Qxc7 17. f4 f5 18. exf5 Bxf5 19. Bd5+ Kh8 20. g4 g5 21. Nxf5
gxf4 22. Bxc6 Qxc6 23. Qe2 Rxf5 24. Qg2 Qxg2+ 25. Kxg2 Rf7 26. Kf3 Kg7 27. Rab1
Kf6 28. b4 b6 29. Rf1 Rg8 30. h3 Ke6 31. bxc5 dxc5 32. a4 Rd8 33. Rb3 Rfd7 34.
Ke2 e4 35. dxe4 Rd2+ 36. Kf3 Ke5 37. g5 R8d3+ 38. Rxd3 Rxd3+ 39. Kg4 Rg3+ 40.
Kh4 Kxe4 41. Re1+ Re3 42. Rd1 f3 43. Kg3 Re2 44. h4 Ke3 45. Rd7 f2 46. Kg2 Re1
47. Re7+ Kd4 48. Rd7+ Ke3 49. Re7+ Kd3 50. Rd7+ Ke3 1/2-1/2

[Event "España ch sub-18 2007"]
[Site "Granada ESP"]
[Date "2007.07.31"]
[Round "4.30"]
[White "Hernandez Funes, Ruben"]
[Black "Remoli Sargues, Lidia"]
[Result "1-0"]
[WhiteElo "2144"]
[BlackElo "1894"]
[PlyCount "57"]
[EventDate "2007.07.29"]
[EventType "swiss"]
[EventRounds "9"]
[EventCountry "ESP"]
[Source "lmi"]
[SourceDate "2007.07.29"]

1. e4 c5 2. Nf3 Nc6 3. d4 cxd4 4. Nxd4 g6 5. Nc3 Bg7 6. Be3 Nf6 7. Bc4 O-O 8.
f3 Qb6 9. a3 Ng4 10. fxg4 Bxd4 11. Nd5 Qc5 12. Qe2 e6 13. b4 Qd6 14. Bf4 Be5
15. Nf6+ Kg7 16. Bxe5 Qxe5 17. O-O Nd4 18. Qf2 h6 19. Rad1 d5 20. Rxd4 dxc4 21.
Rxc4 b6 22. b5 Rb8 23. Ne8+ Kg8 24. Rc7 Bd7 25. Nf6+ Kg7 26. Rxd7 Rbc8 27. Ne8+
Kh8 28. Nd6 Ra8 29. Nxf7+ 1-0

[Event "España ch sub-18 2007"]
[Site "Granada ESP"]
[Date "2007.07.31"]
[Round "5.1"]
[White "Vila Gazquez, Xavier"]
[Black "Huerga Leache, Mikel"]
[Result "1-0"]
[WhiteElo "2429"]
[BlackElo "2370"]
[PlyCount "111"]
[EventDate "2007.07.29"]
[EventType "swiss"]
[EventRounds "9"]
[EventCountry "ESP"]
[Source "lmi"]
[SourceDate "2007.07.29"]

1. e4 e6 2. d4 d5 3. Nc3 Bb4 4. e5 c5 5. a3 Ba5 6. b4 cxd4 7. Nb5 Bc7 8. f4 Bd7
9. Nf3 Nh6 10. Nxc7+ Qxc7 11. Bd3 a6 12. Bb2 Bb5 13. Bxb5+ axb5 14. Nxd4 O-O
15. Qd3 Rc8 16. O-O Nd7 17. Rac1 Nb6 18. Nxb5 Qd7 19. Nd6 Rc6 20. Rfd1 f5 21.
c4 dxc4 22. Qd4 Na4 23. Rxc4 Nxb2 24. Rxc6 Qxc6 25. Qxb2 Qb6+ 26. Qd4 Qxd4+ 27.
Rxd4 Rxa3 28. h3 Nf7 29. Nxf7 Kxf7 30. Rd7+ Kf8 31. Rxb7 h6 32. h4 g5 33. hxg5
hxg5 34. fxg5 Re3 35. b5 Rxe5 36. Kf2 Kg8 37. Kf3 Re4 38. b6 Rb4 39. Ke3 e5 40.
Kd3 f4 41. Kc3 Rb1 42. g6 e4 43. Kd4 e3 44. Ke5 Rd1 45. Kf6 Rd6+ 46. Kg5 e2 47.
Re7 Rxb6 48. Kh6 Rb8 49. Rxe2 Ra8 50. Re6 Rb8 51. g7 Kf7 52. Rg6 Kg8 53. Rf6
Ra8 54. Rf8+ Rxf8 55. gxf8=Q+ Kxf8 56. Kg5 1-0

[Event "España ch sub-18 2007"]
[Site "Granada ESP"]
[Date "2007.07.31"]
[Round "5.2"]
[White "Hernandez Leon, Alberto"]
[Black "Llorente Zaro, Alfonso"]
[Result "1/2-1/2"]
[WhiteElo "2275"]
[BlackElo "2422"]
[PlyCount "83"]
[EventDate "2007.07.29"]
[EventType "swiss"]
[EventRounds "9"]
[EventCountry "ESP"]
[Source "lmi"]
[SourceDate "2007.07.29"]

1. d4 d6 2. c4 e5 3. d5 Be7 4. Nc3 Nf6 5. e4 c5 6. h3 Nbd7 7. Nf3 Nf8 8. Bd3
Ng6 9. Be3 O-O 10. g4 Nf4 11. Bxf4 exf4 12. Qd2 Nd7 13. Qxf4 Bf6 14. Qg3 Ne5
15. Nxe5 Bxe5 16. f4 Bd4 17. h4 a6 18. O-O-O Qa5 19. Bb1 Bxc3 20. Qxc3 Qxc3+
21. bxc3 Bxg4 22. Rde1 f6 23. Bd3 Bd7 24. Rh2 b5 25. Rb2 Rab8 26. cxb5 axb5 27.
c4 b4 28. e5 fxe5 29. fxe5 dxe5 30. Rxe5 Rbe8 31. Rbe2 Rxe5 32. Rxe5 Re8 33.
Rxe8+ Bxe8 34. Kd2 g6 35. Ke3 Kg7 36. Bc2 Kf6 37. Kf4 h6 38. Bb3 Bd7 39. Bc2
g5+ 40. hxg5+ hxg5+ 41. Kg3 Ke5 42. Bb3 1/2-1/2

[Event "España ch sub-18 2007"]
[Site "Granada ESP"]
[Date "2007.07.31"]
[Round "5.3"]
[White "Aloma Vidal, Robert"]
[Black "Remoli Sargues, Francisco"]
[Result "0-1"]
[WhiteElo "2341"]
[BlackElo "2267"]
[PlyCount "178"]
[EventDate "2007.07.29"]
[EventType "swiss"]
[EventRounds "9"]
[EventCountry "ESP"]
[Source "lmi"]
[SourceDate "2007.07.29"]

1. d4 Nf6 2. c4 e6 3. Nf3 b6 4. g3 Ba6 5. b3 b5 6. Qc2 bxc4 7. bxc4 c5 8. d5
exd5 9. cxd5 d6 10. e4 Bxf1 11. Kxf1 Nbd7 12. Kg2 Be7 13. Rd1 O-O 14. Nc3 Qa5
15. Bf4 Qa6 16. a4 Nh5 17. Be3 g6 18. Nb5 Qc8 19. Bg5 f6 20. Bh6 Rf7 21. Rac1
a6 22. Nbd4 Bf8 23. Bxf8 Nxf8 24. h3 Ng7 25. Nc6 Nd7 26. Nd2 Ne5 27. Nc4 Qc7
28. Rb1 Nxc4 29. Qxc4 f5 30. e5 f4 31. Rb3 fxg3 32. fxg3 dxe5 33. Qxc5 Rc8 34.
Rdb1 Nf5 35. Rb8 Rxb8 36. Rxb8+ Kg7 37. g4 Nd4 38. Rb6 Nxc6 39. dxc6 Qd8 40.
Qxe5+ Kh6 41. Qe3+ Kg7 42. Qe5+ Kh6 43. Rb2 Qd3 44. g5+ Kh5 45. Rf2 Ra7 46. Qf4
Qd5+ 47. Kh2 Qxg5 48. Qf3+ Kh6 49. Qf8+ Kh5 50. Re2 Qd5 51. Qf4 g5 52. Qg4+ Kg6
53. Re6+ Kf7 54. Rh6 Kg7 55. Re6 Kf7 56. Re2 Qd6+ 57. Kg1 Qxc6 58. Qf5+ Kg8 59.
Rg2 Rg7 60. a5 Qc1+ 61. Kh2 Qf4+ 62. Qxf4 gxf4 63. Rf2 Rg5 64. Rxf4 Rxa5 65.
Kg3 Kg7 66. h4 Kg6 67. Rc4 Kh5 68. Rc3 Rb5 69. Rd3 a5 70. Ra3 Kg6 71. Rc3 a4
72. Rc6+ Kh5 73. Rc7 h6 74. Ra7 Rb3+ 75. Kf4 Rb4+ 76. Kg3 Rg4+ 77. Kf3 Rxh4 78.
Ra5+ Kg6 79. Kg3 Rb4 80. Kg2 h5 81. Kh2 h4 82. Kg2 Kf6 83. Kh2 Ke6 84. Kg2 Kd6
85. Kh3 Kc6 86. Rh5 Rd4 87. Rf5 Kb6 88. Re5 a3 89. Re3 Ra4 0-1

[Event "España ch sub-18 2007"]
[Site "Granada ESP"]
[Date "2007.07.31"]
[Round "5.4"]
[White "Fernandez Borrego, Pablo"]
[Black "Rubio Mejia, Luis Ignacio"]
[Result "1/2-1/2"]
[WhiteElo "2200"]
[BlackElo "2270"]
[PlyCount "81"]
[EventDate "2007.07.29"]
[EventType "swiss"]
[EventRounds "9"]
[EventCountry "ESP"]
[Source "lmi"]
[SourceDate "2007.07.29"]

1. e4 c5 2. Nc3 d6 3. g3 g6 4. Bg2 Bg7 5. d3 Nc6 6. f4 e6 7. Nf3 Nge7 8. O-O
O-O 9. Be3 b6 10. Qd2 Ba6 11. Rfd1 Qc7 12. a4 Rac8 13. Nb5 Bxb5 14. axb5 Nd4
15. Bxd4 cxd4 16. Ne1 Qd7 17. Qb4 Rc5 18. Ra3 Nc8 19. Rb3 Qc7 20. Ra1 f5 21.
Qd2 e5 22. fxe5 dxe5 23. c4 dxc3 24. bxc3 fxe4 25. dxe4 Nd6 26. Rab1 Nc4 27.
Qe2 Qf7 28. Nd3 Rcc8 29. Nb4 Bh6 30. Rf1 Qe6 31. Rbb1 Nd2 32. Rxf8+ Rxf8 33.
Rd1 Qd6 34. Nd3 Nc4 35. Qa2 Rc8 36. Bh3 Rc7 37. Nb2 Qc5+ 38. Kg2 Kg7 39. Nxc4
Qxc4 40. Rd7+ Kh8 41. Rd8+ 1/2-1/2

[Event "España ch sub-18 2007"]
[Site "Granada ESP"]
[Date "2007.07.31"]
[Round "5.5"]
[White "Serrano Bozada, Esteban"]
[Black "Ribes Peris, Alvaro"]
[Result "0-1"]
[WhiteElo "2160"]
[BlackElo "2135"]
[PlyCount "68"]
[EventDate "2007.07.29"]
[EventType "swiss"]
[EventRounds "9"]
[EventCountry "ESP"]
[Source "lmi"]
[SourceDate "2007.07.29"]

1. e4 Nf6 2. e5 Nd5 3. c4 Nb6 4. a4 a5 5. Ra3 d6 6. exd6 cxd6 7. d4 g6 8. Nc3
Bg7 9. Nb5 O-O 10. Be2 Nc6 11. Nf3 Bg4 12. O-O e5 13. d5 Bxf3 14. Rxf3 Nd4 15.
Nxd4 exd4 16. b3 Re8 17. Bd3 Nd7 18. Bb2 Qb6 19. Bb1 Ne5 20. Rf4 Nxc4 21. Ba1
Ne5 22. Bxd4 Qc7 23. Bd3 Nxd3 24. Qxd3 Bxd4 25. Rxd4 Re5 26. f4 Re7 27. f5 Rae8
28. f6 Re3 29. Qb5 Qc3 30. Rdf4 Re2 31. Qxb7 Qd2 32. Rg4 Qe3+ 33. Kh1 Re1 34.
Qb5 Qf2 0-1

[Event "España ch sub-18 2007"]
[Site "Granada ESP"]
[Date "2007.07.31"]
[Round "5.6"]
[White "Lariño Nieto, David"]
[Black "Maura Mundo, Alejandro"]
[Result "1-0"]
[WhiteElo "2435"]
[BlackElo "2133"]
[PlyCount "75"]
[EventDate "2007.07.29"]
[EventType "swiss"]
[EventRounds "9"]
[EventCountry "ESP"]
[Source "lmi"]
[SourceDate "2007.07.29"]

1. e4 c5 2. d3 d5 3. exd5 Qxd5 4. Nc3 Qd7 5. Nf3 Nc6 6. Bf4 f6 7. Be2 e5 8. Bg3
Nge7 9. h3 Nf5 10. Bh2 Be7 11. Ne4 O-O 12. c3 b6 13. a3 Bb7 14. b4 cxb4 15.
axb4 Kh8 16. O-O a5 17. bxa5 Nxa5 18. Qc2 Bxe4 19. dxe4 Nd6 20. Nd2 Qc6 21.
Rab1 Rfc8 22. Rfc1 Rab8 23. c4 Nf7 24. Bg4 Rd8 25. Rb5 Bc5 26. Nb3 Nxb3 27.
Rxb3 Rd4 28. Kh1 Qxe4 29. Qxe4 Rxe4 30. Be6 Nd6 31. Bg1 Re2 32. f3 Nb7 33. Rcb1
g6 34. Bd5 Na5 35. Bxc5 Nxb3 36. Rxb3 f5 37. Rxb6 Rxb6 38. Bxb6 1-0